Central Library OPAC University of Rajshahi
Normal view MARC view

Entry Personal Name

Number of records used in: 2

001 - CONTROL NUMBER

  • control field: 13947

003 - CONTROL NUMBER IDENTIFIER

  • control field: BD-RjUL

005 - DATE AND TIME OF LATEST TRANSACTION

  • control field: 20241027171328.0

008 - FIXED-LENGTH DATA ELEMENTS

  • fixed length control field: 241027|| aca||aabn | a|a d

040 ## - CATALOGING SOURCE

  • Original cataloging agency: BD-RjUL
  • Transcribing agency: BD-RjUL

100 ## - HEADING--PERSONAL NAME

  • Personal name: Ara, Mst Anjuman

670 ## - SOURCE DATA FOUND

  • Source citation: Work cat.: (BD-RjUL)84173: Ara, Mst Anjuman, Pro-poor tourism and poverty alleviation : , 2020